000 00924cam a2200241 4500
001 WS116363
008 020117n 000 0 eng u
035 _a(Sirsi) u116363
245 _aPropert-e
520 _aFree web site developed by EGi and Wragge & Co which aims to provide comprehensive news, articles and analysis on the latest developments in electronic conveyancing. Includes links to relevant legislation, consultation papers, pages of frequently asked questions and a glossary of terms.
650 _aCONVEYANCING
650 _aECONVEYANCING
650 _aLEGISLATION
650 _aCONSULTATION PAPERS
650 _aGLOSSARY
650 _aEUROPEAN DIRECTIVES
650 _aRESIDENTIAL
650 _aCOMMERCIAL
650 _aGeomatics
_96242
690 _aPROPERTY LAW AND PRACTICE
856 4 0 _uhttps://www.egi.co.uk/properte.asp
_zView the website free of charge at www.egi.co.uk...
942 _n0
999 _c119976
_d119976